[Event "43. Olimpiada Batumi 2018 Femenina"]
[Site "Batumi GEO"]
[Date "2018.09.30"]
[Round "6.1"]
[White "Baciu, Diana"]
[Black "Arakhamia-Grant, Ketevan"]
[Result "1/2-1/2"]
[WhiteElo "2266"]
[BlackElo "2345"]
[PlyCount "134"]
[EventDate "2018.09.24"]
[EventType "team-swiss"]
[EventRounds "11"]
[EventCountry "GEO"]
[SourceTitle "Ajedrez en Madrid"]
[Source "lmi"]
[SourceDate "2018.09.24"]
[WhiteTeam "Moldova"]
[BlackTeam "Scotland"]
[WhiteTeamCountry "MDA"]
[BlackTeamCountry "SCO"]

1. e4 g6 2. d4 Bg7 3. Nc3 d6 4. Nf3 Nf6 5. h3 O-O 6. Be3 c6 7. a4 Qa5 8. Qd2 e5
9. Rb1 Nbd7 10. Be2 Re8 11. d5 cxd5 12. b4 Qd8 13. exd5 a5 14. bxa5 Rxa5 15.
Bb5 Re7 16. O-O Ra8 17. Rfd1 e4 18. Nh2 Ne5 19. Bg5 Bf5 20. Re1 Qa5 21. g4 Rc7
22. Rb3 Bd7 23. Bxf6 Bxf6 24. Nxe4 Qxd2 25. Nxd2 Bxb5 26. axb5 Rxc2 27. Ne4 Be7
28. g5 h5 29. Nf3 Ra4 30. Nxe5 dxe5 31. d6 Bd8 32. Rd3 Kf8 33. d7 Raa2 34. Nc3
Ra3 35. Rxe5 Kg7 36. Rc5 Bb6 37. d8=Q Bxd8 38. Rxd8 Raxc3 39. Re5 Rc5 40. Rdd5
Rxd5 41. Rxd5 Rb2 42. Kg2 Rb3 43. h4 Kf8 44. Re5 Rb4 45. Kg3 Rg4+ 46. Kh3 b6
47. f3 Rd4 48. Kg3 Rb4 49. Kh3 Rc4 50. Kg3 Rd4 51. Kh3 Rd6 52. Kg3 f6 53. gxf6
Kf7 54. Kf4 Kxf6 55. Rg5 Rd4+ 56. Kg3 Rd1 57. Kg2 Rd6 58. Kg3 Rd4 59. f4 Rd3+
60. Kg2 Rb3 61. Rd5 Ke6 62. Rg5 Kf6 63. Rd5 Re3 64. Rg5 Rd3 65. Re5 Rd2+ 66.
Kg3 Rd3+ 67. Kg2 Rd2+ 1/2-1/2

[Event "43. Olimpiada Batumi 2018 Femenina"]
[Site "Batumi GEO"]
[Date "2018.09.30"]
[Round "6.2"]
[White "Roy, Ali"]
[Black "Hincu, Olga"]
[Result "0-1"]
[WhiteElo "1923"]
[BlackElo "2124"]
[PlyCount "160"]
[EventDate "2018.09.24"]
[EventType "team-swiss"]
[EventRounds "11"]
[EventCountry "GEO"]
[SourceTitle "Ajedrez en Madrid"]
[Source "lmi"]
[SourceDate "2018.09.24"]
[WhiteTeam "Scotland"]
[BlackTeam "Moldova"]
[WhiteTeamCountry "SCO"]
[BlackTeamCountry "MDA"]

1. Nf3 d5 2. g3 c6 3. Bg2 Bg4 4. O-O e6 5. d3 Bd6 6. Nbd2 Ne7 7. e4 Nd7 8. Qe1
O-O 9. h3 Bh5 10. b3 Bb4 11. g4 Bg6 12. Bb2 dxe4 13. dxe4 e5 14. Qe2 Bxd2 15.
Nxd2 Qc7 16. Nc4 f6 17. Rfd1 Bf7 18. a4 Rad8 19. Ba3 c5 20. Nd6 Ng6 21. Bf1 Be6
22. Rd2 Nb8 23. Rad1 b6 24. Nb5 Qe7 25. Rxd8 Rxd8 26. Rxd8+ Qxd8 27. Nxa7 Qd7
28. Nb5 Nf4 29. Qe1 Nc6 30. Bc1 h5 31. Bxf4 exf4 32. f3 Ne5 33. Be2 hxg4 34.
hxg4 Kf7 35. Qd1 Ke7 36. Nc3 Qxd1+ 37. Bxd1 Kd6 38. Kf2 Nc6 39. Nb5+ Ke5 40.
Nc7 Ne7 41. Nxe6 Kxe6 42. Ke2 Kd6 43. Kd3 Ng6 44. c3 Ne5+ 45. Kc2 Nc6 46. Kb2
Ke6 47. Kc2 Kd6 48. Kd2 Ke6 49. Ke2 Kd6 50. Bc2 Ke6 51. Bd3 Ke5 52. Bb5 Na5 53.
b4 cxb4 54. cxb4 Nb3 55. Bd7 Nd4+ 56. Kf2 Kd6 57. Bc8 Nc2 58. a5 Kc7 59. Ba6
Nxb4 60. axb6+ Kxb6 61. Bc4 Kc5 62. Bf7 Kd4 63. Ke2 Nc6 64. Be8 Ne5 65. Ba4 g5
66. Be8 Nc4 67. Ba4 Kc3 68. Bb5 Na3 69. Ba6 Nc2 70. Kf2 Kd2 71. Bb5 Ne3 72. Be2
Nd1+ 73. Kf1 Nc3 74. Ba6 Ke3 75. Kg2 Ne2 76. e5 fxe5 77. Bb7 Nd4 78. Be4 Ne6
79. Bf5 Nc5 80. Bc2 Nd3 0-1

[Event "43. Olimpiada Batumi 2018 Femenina"]
[Site "Batumi GEO"]
[Date "2018.09.30"]
[Round "6.3"]
[White "Petrenko, Svetlana"]
[Black "Giulian, Rosemary A"]
[Result "1/2-1/2"]
[WhiteElo "2156"]
[BlackElo "1924"]
[PlyCount "137"]
[EventDate "2018.09.24"]
[EventType "team-swiss"]
[EventRounds "11"]
[EventCountry "GEO"]
[SourceTitle "Ajedrez en Madrid"]
[Source "lmi"]
[SourceDate "2018.09.24"]
[WhiteTeam "Moldova"]
[BlackTeam "Scotland"]
[WhiteTeamCountry "MDA"]
[BlackTeamCountry "SCO"]

1. d4 e6 2. Nf3 Nf6 3. c4 Bb4+ 4. Nbd2 O-O 5. a3 Bxd2+ 6. Bxd2 b6 7. Bg5 Bb7 8.
e3 d6 9. Be2 Nbd7 10. O-O Re8 11. Nd2 e5 12. d5 a5 13. a4 h6 14. Bh4 g5 15. Bg3
e4 16. Nb3 Re7 17. Nd4 Qf8 18. Nf5 Ree8 19. h4 Ne5 20. hxg5 hxg5 21. f4 exf3
22. gxf3 Bc8 23. Qc2 Bxf5 24. Qxf5 Qg7 25. Rf2 Qg6 26. Qxg6+ Nxg6 27. e4 Nh5
28. Bh2 Nhf4 29. Bf1 f6 30. b4 axb4 31. Rb2 Ra7 32. Rxb4 Rea8 33. Kf2 Kf7 34.
Ke3 Ke7 35. Bg3 Kd7 36. Be1 Rh8 37. Rbb1 Ke7 38. Bc3 Rh1 39. a5 bxa5 40. Bd4
Ra8 41. Rb7 Rc8 42. c5 Ne5 43. cxd6+ Kxd6 44. Rc1 Nfd3 45. Ra1 Nb4 46. Bxe5+
fxe5 47. Rxa5 Rxf1 48. Rxb4 Rc1 49. Kd2 Rf1 50. Rb3 Rh8 51. Ra6+ Kd7 52. Ke2
Rhh1 53. Rg6 Re1+ 54. Kd2 Rd1+ 55. Kc3 Rhg1 56. Kc4 Rd4+ 57. Kc5 Rc1+ 58. Kb5
Rg1 59. Rc3 Rb1+ 60. Kc5 Ra1 61. Rg7+ Kc8 62. Kc6 Ra6+ 63. Kb5 Rb6+ 64. Ka5 Rb7
65. Rg8+ Kd7 66. Rg7+ Kd8 67. Rg8+ Kd7 68. Rg7+ Kd8 69. Rg8+ 1/2-1/2

[Event "43. Olimpiada Batumi 2018 Femenina"]
[Site "Batumi GEO"]
[Date "2018.09.30"]
[Round "6.4"]
[White "Espinosa Cancino, Monica"]
[Black "Gitu, Paula-Alexandra"]
[Result "0-1"]
[WhiteElo "1655"]
[BlackElo "2026"]
[PlyCount "64"]
[EventDate "2018.09.24"]
[EventType "team-swiss"]
[EventRounds "11"]
[EventCountry "GEO"]
[SourceTitle "Ajedrez en Madrid"]
[Source "lmi"]
[SourceDate "2018.09.24"]
[WhiteTeam "Scotland"]
[BlackTeam "Moldova"]
[WhiteTeamCountry "SCO"]
[BlackTeamCountry "MDA"]

1. Nf3 d5 2. d4 Nf6 3. c4 e6 4. g3 c6 5. Bg2 Bd6 6. O-O O-O 7. Nbd2 Nbd7 8. Qc2
Re8 9. Re1 e5 10. cxd5 Nxd5 11. Nc4 Bb4 12. Rd1 e4 13. Ng5 f5 14. a3 Bf8 15.
Nh3 N7f6 16. Nf4 g5 17. Nxd5 cxd5 18. Nd2 f4 19. Nf1 Bd6 20. Bd2 Bf5 21. Qb3
Qd7 22. Rac1 Re7 23. Bb4 Bxb4 24. Qxb4 Rae8 25. Rc5 Bh3 26. Bh1 Qf5 27. Rdc1
Bxf1 28. Rxf1 f3 29. e3 Qh3 30. Rfc1 Ng4 31. Bxf3 Qxh2+ 32. Kf1 Qxf2# 0-1

[Event "43. Olimpiada Batumi 2018 Femenina"]
[Site "Batumi GEO"]
[Date "2018.09.30"]
[Round "6.1"]
[White "Golubenko, Valentina"]
[Black "Repkova, Eva"]
[Result "1/2-1/2"]
[WhiteElo "2254"]
[BlackElo "2288"]
[PlyCount "83"]
[EventDate "2018.09.24"]
[EventType "team-swiss"]
[EventRounds "11"]
[EventCountry "GEO"]
[SourceTitle "Ajedrez en Madrid"]
[Source "lmi"]
[SourceDate "2018.09.24"]
[WhiteTeam "Croatia"]
[BlackTeam "Slovakia"]
[WhiteTeamCountry "CRO"]
[BlackTeamCountry "SVK"]

1. d4 e6 2. c4 Nf6 3. g3 d5 4. Bg2 Be7 5. Nf3 O-O 6. O-O dxc4 7. Qc2 a6 8. Qxc4
b5 9. Qc2 Bb7 10. Bd2 Be4 11. Qc1 c6 12. Bf4 Bxf3 13. Bxf3 Qxd4 14. a4 b4 15.
Be3 Qe5 16. Nd2 Nd5 17. Nc4 Qc7 18. Bxd5 exd5 19. Nb6 Ra7 20. a5 Rb7 21. Qd2
Nd7 22. Rfc1 Nxb6 23. axb6 Rxb6 24. Bxb6 Qxb6 25. Qc2 c5 26. Qd3 Qb5 27. Qxd5
Qxe2 28. Re1 Qxb2 29. Rxa6 Bf6 30. Ra8 g6 31. Rxf8+ Kxf8 32. Qxc5+ Kg7 33. Re8
Bd4 34. Qf8+ Kf6 35. Qd6+ Kg7 36. Qf4 b3 37. g4 Qc3 38. Qd6 b2 39. Qf8+ Kf6 40.
Qe7+ Kg7 41. Qf8+ Kf6 42. Qe7+ 1/2-1/2

[Event "43. Olimpiada Batumi 2018 Femenina"]
[Site "Batumi GEO"]
[Date "2018.09.30"]
[Round "6.2"]
[White "Stockova, Zuzana"]
[Black "Medic, Mirjana"]
[Result "1/2-1/2"]
[WhiteElo "2290"]
[BlackElo "2167"]
[PlyCount "102"]
[EventDate "2018.09.24"]
[EventType "team-swiss"]
[EventRounds "11"]
[EventCountry "GEO"]
[SourceTitle "Ajedrez en Madrid"]
[Source "lmi"]
[SourceDate "2018.09.24"]
[WhiteTeam "Slovakia"]
[BlackTeam "Croatia"]
[WhiteTeamCountry "SVK"]
[BlackTeamCountry "CRO"]

1. e4 e6 2. d3 d5 3. Nd2 c5 4. Ngf3 Nc6 5. g3 Nf6 6. Bg2 Qc7 7. O-O Be7 8. Re1
b6 9. Nf1 d4 10. e5 Nd5 11. h4 h6 12. h5 Bb7 13. N1d2 O-O-O 14. a4 Na5 15. Ne4
Kb8 16. Bd2 Rhe8 17. c4 dxc3 18. bxc3 f6 19. d4 c4 20. Qc2 Bf8 21. Rab1 Nb3 22.
Bf1 Nxd2 23. Nexd2 Qf7 24. a5 Qxh5 25. axb6 Nxb6 26. Bg2 Rc8 27. Qa2 Rc6 28.
Rb2 f5 29. Ra1 Kc7 30. Nh4 Rb8 31. Bf3 Qe8 32. Qa5 g5 33. Ng6 Qxg6 34. Bxc6
Bxc6 35. g4 fxg4 36. Qxa7+ Rb7 37. Qa5 Qh5 38. Kf1 Qh3+ 39. Ke1 g3 40. Rxb6
Rxb6 41. Nxc4 gxf2+ 42. Kxf2 Qh2+ 43. Ke1 Qg3+ 44. Kd2 Qf4+ 45. Ke1 Qg3+ 46.
Kd2 Qf2+ 47. Kd3 Qf5+ 48. Kd2 Qf4+ 49. Ke1 Qe4+ 50. Kd2 Qg2+ 51. Ke1 Qg3+
1/2-1/2

[Event "43. Olimpiada Batumi 2018 Femenina"]
[Site "Batumi GEO"]
[Date "2018.09.30"]
[Round "6.3"]
[White "Ivekovic, Tihana"]
[Black "Cibickova, Zuzana"]
[Result "1/2-1/2"]
[WhiteElo "2114"]
[BlackElo "2268"]
[PlyCount "112"]
[EventDate "2018.09.24"]
[EventType "team-swiss"]
[EventRounds "11"]
[EventCountry "GEO"]
[SourceTitle "Ajedrez en Madrid"]
[Source "lmi"]
[SourceDate "2018.09.24"]
[WhiteTeam "Croatia"]
[BlackTeam "Slovakia"]
[WhiteTeamCountry "CRO"]
[BlackTeamCountry "SVK"]

1. d4 d5 2. c4 e6 3. Nf3 a6 4. cxd5 exd5 5. Nc3 Nf6 6. Bg5 Be6 7. e3 Nbd7 8.
Bd3 h6 9. Bf4 g5 10. Bg3 Nh5 11. Be5 Ng7 12. Qc2 g4 13. Ng1 Nxe5 14. dxe5 Qg5
15. Qa4+ c6 16. Qd4 Bc8 17. Qf4 Qxf4 18. exf4 Bd7 19. Nge2 O-O-O 20. Rc1 Kb8
21. O-O h5 22. Rcd1 Bc5 23. a3 b5 24. b4 Bb6 25. Nc1 h4 26. N3e2 Ne6 27. Nb3 g3
28. hxg3 hxg3 29. Nxg3 Nxf4 30. Nc5 Bc8 31. Ne2 Nxe2+ 32. Bxe2 Rde8 33. f4 f6
34. Bd3 fxe5 35. fxe5 Rxe5 36. Rf6 Reh5 37. Rdf1 Rh1+ 38. Kf2 R1h6 39. Ke1 Re8+
40. Kd2 Rxf6 41. Rxf6 Bxc5 42. bxc5 Bd7 43. g4 Bxg4 44. Rxc6 Re6 45. Rxe6 Bxe6
46. Kc3 Kb7 47. Kd4 Kc6 48. Bg6 Kd7 49. Bd3 Bf7 50. Be2 Kc6 51. Bf3 a5 52. Bg2
a4 53. Bf3 Be6 54. Bg2 Bf7 55. Bf3 Be6 56. Bg2 Bf7 1/2-1/2

[Event "43. Olimpiada Batumi 2018 Femenina"]
[Site "Batumi GEO"]
[Date "2018.09.30"]
[Round "6.4"]
[White "Motycakova, Monika"]
[Black "Cvitan, Ena"]
[Result "1/2-1/2"]
[WhiteElo "2198"]
[BlackElo "2009"]
[PlyCount "103"]
[EventDate "2018.09.24"]
[EventType "team-swiss"]
[EventRounds "11"]
[EventCountry "GEO"]
[SourceTitle "Ajedrez en Madrid"]
[Source "lmi"]
[SourceDate "2018.09.24"]
[WhiteTeam "Slovakia"]
[BlackTeam "Croatia"]
[WhiteTeamCountry "SVK"]
[BlackTeamCountry "CRO"]

1. e4 c6 2. d4 d5 3. e5 Bf5 4. h4 h6 5. g4 Bd7 6. h5 c5 7. c3 Nc6 8. Na3 Rc8 9.
f4 cxd4 10. cxd4 Qb6 11. Nc2 Nb4 12. Ne3 Bb5 13. Nf3 e6 14. Kf2 Ne7 15. a3 Bxf1
16. Rxf1 Qa6 17. Kg3 Nd3 18. Qb3 g6 19. hxg6 Nxg6 20. Nh4 Ngxf4 21. Rxf4 Nxc1
22. Rxc1 Rxc1 23. Nxd5 exd5 24. Qxd5 Rc7 25. e6 fxe6 26. Qe5 Rhh7 27. Nf5 Kd7
28. d5 Qd3+ 29. Ne3 exd5 30. Rxf8 Qe4 31. Qxd5+ Qxd5 32. Nxd5 Rc8 33. Nf6+ Ke7
34. Nxh7 Rxf8 35. Nxf8 Kxf8 36. Kh4 Kf7 37. Kh5 Kg7 38. b3 Kh7 39. b4 Kg7 40.
a4 Kh7 41. a5 a6 42. g5 hxg5 43. Kxg5 Kg7 44. Kf5 Kf7 45. Ke5 Ke7 46. Kd5 Kd7
47. Kc5 Kc7 48. b5 axb5 49. Kxb5 Kc8 50. Kb6 Kb8 51. a6 bxa6 52. Kxa6 1/2-1/2

[Event "43. Olimpiada Batumi 2018 Femenina"]
[Site "Batumi GEO"]
[Date "2018.09.30"]
[Round "6.1"]
[White "Exler, Veronika"]
[Black "Narva, Mai"]
[Result "1/2-1/2"]
[WhiteElo "2267"]
[BlackElo "2320"]
[PlyCount "45"]
[EventDate "2018.09.24"]
[EventType "team-swiss"]
[EventRounds "11"]
[EventCountry "GEO"]
[SourceTitle "Ajedrez en Madrid"]
[Source "lmi"]
[SourceDate "2018.09.24"]
[WhiteTeam "Austria"]
[BlackTeam "Estonia"]
[WhiteTeamCountry "AUT"]
[BlackTeamCountry "EST"]

1. d4 Nf6 2. c4 e6 3. Nf3 Bb4+ 4. Bd2 Qe7 5. g3 Bxd2+ 6. Qxd2 Nc6 7. e3 d5 8.
Bg2 dxc4 9. O-O e5 10. Nxe5 Nxe5 11. dxe5 Qxe5 12. Na3 O-O 13. Nxc4 Qh5 14. Qa5
c5 15. Nb6 Bh3 16. Nxa8 Bxg2 17. Kxg2 Ng4 18. Rad1 Qxh2+ 19. Kf3 Qh5 20. Kg2
Qh2+ 21. Kf3 Qh5 22. Kg2 Qh2+ 23. Kf3 1/2-1/2

[Event "43. Olimpiada Batumi 2018 Femenina"]
[Site "Batumi GEO"]
[Date "2018.09.30"]
[Round "6.2"]
[White "Olde, Margareth"]
[Black "Newrkla, Katharina"]
[Result "0-1"]
[WhiteElo "2158"]
[BlackElo "2204"]
[PlyCount "80"]
[EventDate "2018.09.24"]
[EventType "team-swiss"]
[EventRounds "11"]
[EventCountry "GEO"]
[SourceTitle "Ajedrez en Madrid"]
[Source "lmi"]
[SourceDate "2018.09.24"]
[WhiteTeam "Estonia"]
[BlackTeam "Austria"]
[WhiteTeamCountry "EST"]
[BlackTeamCountry "AUT"]

1. c4 Nf6 2. Nf3 g6 3. d4 Bg7 4. Nc3 O-O 5. e4 d6 6. h3 e5 7. d5 a5 8. g4 Na6
9. Be3 Nd7 10. a3 Nb6 11. Rg1 Bd7 12. Qc2 Nc5 13. Nd2 Kh8 14. O-O-O Nba4 15.
Nxa4 Bxa4 16. b3 Bd7 17. Kb2 Rb8 18. Ka2 Qe7 19. Rc1 c6 20. Be2 cxd5 21. Bxc5
dxc5 22. cxd5 Bh6 23. Rgd1 Rfc8 24. Qc3 b5 25. Qxa5 Ra8 26. Qb6 Rab8 27. Qa5
Qd6 28. Rc2 Ra8 29. Qc3 Rxa3+ 30. Kb1 Rca8 31. Nf3 Bf4 32. Rb2 c4 33. Nd2 Qb6
34. Bxc4 bxc4 35. bxc4 Ra1+ 36. Kc2 Ba4+ 37. Kd3 Qxf2 38. c5 Bxd1 39. Qb4 Qe3+
40. Kc4 Be2# 0-1

[Event "43. Olimpiada Batumi 2018 Femenina"]
[Site "Batumi GEO"]
[Date "2018.09.30"]
[Round "6.3"]
[White "Froewis, Annika"]
[Black "Tsiganova, Monika"]
[Result "1/2-1/2"]
[WhiteElo "2113"]
[BlackElo "2102"]
[PlyCount "101"]
[EventDate "2018.09.24"]
[EventType "team-swiss"]
[EventRounds "11"]
[EventCountry "GEO"]
[SourceTitle "Ajedrez en Madrid"]
[Source "lmi"]
[SourceDate "2018.09.24"]
[WhiteTeam "Austria"]
[BlackTeam "Estonia"]
[WhiteTeamCountry "AUT"]
[BlackTeamCountry "EST"]

1. e4 c5 2. Nf3 d6 3. d4 cxd4 4. Nxd4 Nf6 5. Nc3 a6 6. Be2 e5 7. Nb3 Be7 8. Be3
Be6 9. Nd5 Bxd5 10. exd5 O-O 11. Qd3 Nbd7 12. a4 Rc8 13. a5 e4 14. Qd1 Ne5 15.
Ra4 Qd7 16. Rb4 Rfe8 17. h3 h6 18. O-O Bf8 19. c4 Rc7 20. Bb6 Rcc8 21. Nd4 g6
22. b3 Bg7 23. f4 exf3 24. Nxf3 Ne4 25. Nxe5 Bxe5 26. Bg4 f5 27. Bf3 Bc3 28.
Ra4 Nd2 29. Qc2 Qg7 30. Rd1 Nxf3+ 31. gxf3 Re7 32. Bf2 Qf6 33. Kh1 Rce8 34. Ra2
Be1 35. Bd4 Qh4 36. Qg2 Bg3 37. Bf2 Bxf2 38. Rxf2 Re1+ 39. Rxe1 Rxe1+ 40. Rf1
Kf7 41. Rxe1 Qxe1+ 42. Kh2 h5 43. Qg3 Qe7 44. h4 Qe2+ 45. Kh3 Qe7 46. Qf4 Qf6
47. Kg3 Ke8 48. Qh6 Qe5+ 49. Kh3 Qf6 50. Qh7 f4 51. Qxb7 1/2-1/2

[Event "43. Olimpiada Batumi 2018 Femenina"]
[Site "Batumi GEO"]
[Date "2018.09.30"]
[Round "6.4"]
[White "Narva, Triin"]
[Black "Trippold, Denise"]
[Result "1-0"]
[WhiteElo "2113"]
[BlackElo "2146"]
[PlyCount "63"]
[EventDate "2018.09.24"]
[EventType "team-swiss"]
[EventRounds "11"]
[EventCountry "GEO"]
[SourceTitle "Ajedrez en Madrid"]
[Source "lmi"]
[SourceDate "2018.09.24"]
[WhiteTeam "Estonia"]
[BlackTeam "Austria"]
[WhiteTeamCountry "EST"]
[BlackTeamCountry "AUT"]

1. e4 c5 2. Nf3 e6 3. d4 cxd4 4. Nxd4 Nc6 5. Nc3 Qc7 6. Be2 a6 7. a3 Nf6 8. Be3
Be7 9. f4 d6 10. Qd2 Nxd4 11. Qxd4 e5 12. Qd2 exf4 13. Bxf4 O-O 14. O-O-O Rd8
15. g4 Be6 16. g5 Ne8 17. h4 b5 18. h5 Bf8 19. Nd5 Bxd5 20. exd5 g6 21. hxg6
fxg6 22. Bg4 Ng7 23. Qh2 Nh5 24. Bxh5 gxh5 25. Qxh5 Rac8 26. Rd2 Rd7 27. g6 Kh8
28. Be3 Kg8 29. Rg2 h6 30. Bxh6 Be7 31. Qf5 Bf8 32. Qe6+ 1-0

[Event "43. Olimpiada Batumi 2018 Femenina"]
[Site "Batumi GEO"]
[Date "2018.09.30"]
[Round "6.1"]
[White "Unuk, Laura"]
[Black "Thorsteinsdottir, Gudlaug"]
[Result "1-0"]
[WhiteElo "2299"]
[BlackElo "1981"]
[PlyCount "73"]
[EventDate "2018.09.24"]
[EventType "team-swiss"]
[EventRounds "11"]
[EventCountry "GEO"]
[SourceTitle "Ajedrez en Madrid"]
[Source "lmi"]
[SourceDate "2018.09.24"]
[WhiteTeam "Slovenia"]
[BlackTeam "Iceland"]
[WhiteTeamCountry "SLO"]
[BlackTeamCountry "ISL"]

1. d4 d5 2. c4 c6 3. Nf3 Nf6 4. e3 Bg4 5. Nc3 e6 6. h3 Bh5 7. Qb3 Qb6 8. Nh4
Nbd7 9. g4 Bg6 10. Nxg6 hxg6 11. Bg2 g5 12. Bd2 Be7 13. O-O-O O-O-O 14. Qa4 Kb8
15. c5 Qc7 16. b4 b5 17. Qb3 e5 18. a4 a6 19. Bf3 Qb7 20. Be2 e4 21. Kc2 Kc7
22. Ra1 Ra8 23. Ra3 Rhb8 24. Rha1 Rh8 25. Bf1 bxa4 26. Rxa4 a5 27. Rxa5 Rxa5
28. Rxa5 Ra8 29. Qa4 Rxa5 30. Qxa5+ Kb8 31. b5 cxb5 32. Bxb5 Qc7 33. Qa2 Nxc5
34. dxc5 Qxc5 35. Qb3 Kc7 36. Kd1 Qb4 37. Nxd5+ 1-0

[Event "43. Olimpiada Batumi 2018 Femenina"]
[Site "Batumi GEO"]
[Date "2018.09.30"]
[Round "6.2"]
[White "Davidsdottir, Nansy"]
[Black "Janzelj, Lara"]
[Result "0-1"]
[WhiteElo "1945"]
[BlackElo "2254"]
[PlyCount "124"]
[EventDate "2018.09.24"]
[EventType "team-swiss"]
[EventRounds "11"]
[EventCountry "GEO"]
[SourceTitle "Ajedrez en Madrid"]
[Source "lmi"]
[SourceDate "2018.09.24"]
[WhiteTeam "Iceland"]
[BlackTeam "Slovenia"]
[WhiteTeamCountry "ISL"]
[BlackTeamCountry "SLO"]

1. e4 d6 2. d4 Nf6 3. Bd3 e5 4. c3 Be7 5. Nf3 Nbd7 6. O-O O-O 7. Re1 c6 8. Nbd2
Qc7 9. Nh4 g6 10. Nhf3 Re8 11. a4 a5 12. Qb3 Nf8 13. Nc4 Bd8 14. dxe5 dxe5 15.
Be3 N6d7 16. Rad1 Ne6 17. Bc2 Nec5 18. Qa2 Be7 19. Ng5 Rf8 20. Nf3 b6 21. Bh6
Re8 22. Ng5 Ne6 23. Nxe6 fxe6 24. Nxa5 Nc5 25. Nc4 b5 26. b4 Nxa4 27. Ne3 Bd7
28. Bb3 Nc5 29. Qc2 Nxb3 30. Qxb3 Ra4 31. Ng4 Rd8 32. h3 c5 33. bxc5 Rc4 34.
Be3 Rxe4 35. c6 Qxc6 36. f3 Rxe3 37. Nxe3 Bc5 38. Kh1 e4 39. fxe4 h5 40. Qc2
Rc8 41. Qd3 Be8 42. Rc1 Ba7 43. g4 h4 44. Rf1 Bb8 45. Rc2 g5 46. Qd4 Bg6 47.
Kg1 Qxe4 48. Qxe4 Bxe4 49. Rb2 Ba7 50. Kf2 Rxc3 51. Re1 Bc6 52. Ree2 Bc5 53.
Rbc2 Bxe3+ 54. Kf1 Rxc2 55. Rxc2 Bd5 56. Ke2 Bd4 57. Kd3 Bf6 58. Rc8+ Kf7 59.
Ke3 b4 60. Rb8 b3 61. Kd2 b2 62. Kd1 Be4 0-1

[Event "43. Olimpiada Batumi 2018 Femenina"]
[Site "Batumi GEO"]
[Date "2018.09.30"]
[Round "6.3"]
[White "Krivec, Jana"]
[Black "Johannsdottir, Johanna Bjorg"]
[Result "1-0"]
[WhiteElo "2185"]
[BlackElo "1900"]
[PlyCount "91"]
[EventDate "2018.09.24"]
[EventType "team-swiss"]
[EventRounds "11"]
[EventCountry "GEO"]
[SourceTitle "Ajedrez en Madrid"]
[Source "lmi"]
[SourceDate "2018.09.24"]
[WhiteTeam "Slovenia"]
[BlackTeam "Iceland"]
[WhiteTeamCountry "SLO"]
[BlackTeamCountry "ISL"]

1. e4 c5 2. Nc3 g6 3. f4 Bg7 4. Nf3 Nc6 5. Bb5 Nd4 6. Nxd4 cxd4 7. Ne2 Qb6 8.
Bd3 d5 9. exd5 Nf6 10. c4 dxc3 11. dxc3 O-O 12. Qb3 Qxb3 13. axb3 Nxd5 14. Be4
Rd8 15. O-O Bg4 16. Ng3 Rd7 17. h3 Be6 18. f5 gxf5 19. Nxf5 Bf6 20. Rd1 a6 21.
c4 Nb4 22. Rxd7 Bxd7 23. Bxb7 Ra7 24. Be4 Bxf5 25. Bxf5 e6 26. Be3 Rd7 27. Be4
Bxb2 28. Ra4 Bc3 29. c5 f5 30. Bf3 Rc7 31. c6 Nd5 32. Bxd5 exd5 33. Rxa6 d4 34.
Bf4 Rc8 35. c7 Kf7 36. Rc6 Ba5 37. Rd6 Rxc7 38. Rxd4 Rc3 39. Rd7+ Kg6 40. Rd6+
Kf7 41. Bd2 Bc7 42. Bxc3 Bxd6 43. Kf2 f4 44. Kf3 Kg6 45. Ke4 Kg5 46. Be5 1-0

[Event "43. Olimpiada Batumi 2018 Femenina"]
[Site "Batumi GEO"]
[Date "2018.09.30"]
[Round "6.4"]
[White "Fridthjofsdottir, Sigurl. Regina"]
[Black "Vidic, Teja"]
[Result "0-1"]
[WhiteElo "1724"]
[BlackElo "2116"]
[PlyCount "72"]
[EventDate "2018.09.24"]
[EventType "team-swiss"]
[EventRounds "11"]
[EventCountry "GEO"]
[SourceTitle "Ajedrez en Madrid"]
[Source "lmi"]
[SourceDate "2018.09.24"]
[WhiteTeam "Iceland"]
[BlackTeam "Slovenia"]
[WhiteTeamCountry "ISL"]
[BlackTeamCountry "SLO"]

1. e4 e5 2. Nf3 Nc6 3. Bb5 a6 4. Bxc6 dxc6 5. O-O Bg4 6. h3 h5 7. d3 Qf6 8. Be3
Bxf3 9. Qxf3 Qxf3 10. gxf3 Bd6 11. Nd2 Ne7 12. Rfb1 f5 13. Nc4 O-O-O 14. Bg5
Rd7 15. Bxe7 Rxe7 16. b4 Rf8 17. Nxd6+ cxd6 18. Re1 Ref7 19. Re2 g5 20. a4 f4
21. Kh2 Rg7 22. Rg1 Rfg8 23. Ree1 g4 24. fxg4 hxg4 25. Rxg4 Rxg4 26. hxg4 Rxg4
27. Rg1 Rxg1 28. Kxg1 Kc7 29. Kg2 Kb6 30. Kf3 a5 31. c3 axb4 32. cxb4 c5 33. b5
Ka5 34. Kg4 Kxa4 35. Kf5 Kxb5 36. Ke6 Kc6 0-1

[Event "43. Olimpiada Batumi 2018 Femenina"]
[Site "Batumi GEO"]
[Date "2018.09.30"]
[Round "6.1"]
[White "Shamima, Akter"]
[Black "Gray, Krishna"]
[Result "1/2-1/2"]
[WhiteElo "2152"]
[BlackElo "1693"]
[PlyCount "79"]
[EventDate "2018.09.24"]
[EventType "team-swiss"]
[EventRounds "11"]
[EventCountry "GEO"]
[SourceTitle "Ajedrez en Madrid"]
[Source "lmi"]
[SourceDate "2018.09.24"]
[WhiteTeam "Bangladesh"]
[BlackTeam "Jamaica"]
[WhiteTeamCountry "BAN"]
[BlackTeamCountry "JAM"]

1. d4 d5 2. c4 e6 3. Nc3 Nf6 4. Bg5 c6 5. e3 Be7 6. Qc2 O-O 7. Nf3 Nbd7 8. Rc1
Re8 9. a3 a5 10. cxd5 exd5 11. Bd3 Nf8 12. O-O Bd6 13. h3 g6 14. Rfe1 Ne6 15.
Bh4 Ng7 16. Rcd1 Bf5 17. e4 dxe4 18. Nxe4 Be7 19. Nxf6+ Bxf6 20. Bxf6 Qxf6 21.
Rxe8+ Rxe8 22. Ne5 Bxd3 23. Qxd3 Nf5 24. Ng4 Qd6 25. Qd2 Re4 26. Qxa5 Rxd4 27.
Re1 Kg7 28. Qc3 Qd5 29. Ne3 Qd6 30. Nc2 Kf8 31. g4 Nh4 32. Nxd4 Qd5 33. Kf1 Ng2
34. Rc1 Kg8 35. Nf3 Nf4 36. Qe1 Qxf3 37. Qe8+ Kg7 38. Qe5+ Kg8 39. Qe8+ Kg7 40.
Qe5+ 1/2-1/2

[Event "43. Olimpiada Batumi 2018 Femenina"]
[Site "Batumi GEO"]
[Date "2018.09.30"]
[Round "6.2"]
[White "Barrett, Ariel"]
[Black "Parveen, Tanima"]
[Result "1-0"]
[WhiteElo "1701"]
[BlackElo "2022"]
[PlyCount "59"]
[EventDate "2018.09.24"]
[EventType "team-swiss"]
[EventRounds "11"]
[EventCountry "GEO"]
[SourceTitle "Ajedrez en Madrid"]
[Source "lmi"]
[SourceDate "2018.09.24"]
[WhiteTeam "Jamaica"]
[BlackTeam "Bangladesh"]
[WhiteTeamCountry "JAM"]
[BlackTeamCountry "BAN"]

1. c4 e5 2. Nc3 Nf6 3. Nf3 Nc6 4. g3 d5 5. cxd5 Nxd5 6. Bg2 Bc5 7. d3 Nf6 8.
O-O h6 9. a3 O-O 10. b4 Bd6 11. Bb2 a6 12. Rc1 Qe7 13. Nd2 Bd7 14. Nce4 Nxe4
15. Nxe4 Rab8 16. Nc5 Nd8 17. d4 Bc6 18. Bxc6 Bxc5 19. Rxc5 Nxc6 20. dxe5 a5
21. Qc1 axb4 22. axb4 Rfc8 23. f4 Nxb4 24. f5 Na6 25. Rc4 Qd7 26. f6 g5 27. h4
Kh8 28. hxg5 Qh3 29. Rf3 Rg8 30. Rh4 1-0